Make a computer program for the heat loading of a room (Record no. 323177)

000 -LEADER
fixed length control field 00353 a2200133 4500
001 - CONTROL NUMBER
control field 88104
082 ## - DEWEY DECIMAL CLASSIFICATION NUMBER
Classification number PR 343
090 ## - LOCALLY ASSIGNED LC-TYPE CALL NUMBER (OCLC); LOCAL CALL NUMBER (RLIN)
-- 41515
-- 41515
100 ## - MAIN ENTRY--PERSONAL NAME
Personal name Adeel, 016020
245 ## - TITLE STATEMENT
Title Make a computer program for the heat loading of a room
260 ## - PUBLICATION, DISTRIBUTION, ETC.
Place of publication, distribution, etc. Risalpur
Name of publisher, distributor, etc. NUST Risalpur
Date of publication, distribution, etc. 2004
300 ## - PHYSICAL DESCRIPTION
Extent ix, 170p.
Accompanying material Khalid Pervaiz
500 ## - GENERAL NOTE
General note BE Project Reports
942 ## - ADDED ENTRY ELEMENTS (KOHA)
Institution code [OBSOLETE] CAE NUST
Call number prefix PR 343
Holdings
Withdrawn status Lost status Damaged status Not for loan Collection code Permanent Location Current Location Date acquired Total Checkouts Full call number Barcode Date last seen Price effective from Koha item type
          College of Aeronautical Engineering (CAE) College of Aeronautical Engineering (CAE) 04/03/2017   PR 343 CAEPR-343 04/05/2017 04/05/2017 Book
© 2023 Central Library, National University of Sciences and Technology. All Rights Reserved.